| 000 | 00549nam a22002057a 4500 | ||
|---|---|---|---|
| 003 | OSt | ||
| 005 | 20140310182847.0 | ||
| 008 | 130613t xxu||||| |||| 00| 0 eng d | ||
| 050 |
_aBV 4531 _b.L948 1974 |
||
| 082 |
_aM 241.66 _bL69 1974 |
||
| 245 |
_aPenelopy people and the religious machine / _cLuehrs, Kirk |
||
| 260 |
_aOregon : _bTelefriend, _cc1974. |
||
| 300 |
_a94 p. : _bill. ; _c18 cm. |
||
| 521 | _acollege students | ||
| 526 | _c1210L-1700L | ||
| 541 | _j1 | ||
| 541 | _j2 | ||
| 562 | _e2 | ||
| 942 |
_2lcc _cBK _kM |
||
| 999 |
_c16939 _d16939 |
||